Statistics for Capitals of the Former Soviet Union Countries

Click here to take the quiz!

General Stats

  • This quiz has been taken 1,216 times
  • The average score is 12 of 15

Answer Stats

CountryAnswer% Correct
RussiaMoscow
96%
UkraineKiev
93%
BelarusMinsk
92%
LatviaRiga
90%
AzerbaijanBaku
88%
EstoniaTallinn
83%
LithuaniaVilnius
83%
ArmeniaYerevan
83%
KazakhstanAstana
82%
GeorgiaT'bilisi
79%
UzbekistanTashkent
75%
MoldovaChisinau
74%
KyrgyzstanBishkek
68%
TurkmenistanAshgabat
64%
TajikistanDushanbe
63%

Score Distribution

Percentile by Number Answered

Percent of People with Each Score

Your Score History

You have not taken this quiz